City Locations - Statistics

General Stats
  • This quiz has been taken 23 times
    8 since last reset
  • The average score is 10 of 15
Answer Stats
Question Answer % Correct
Where is Giza? Egypt
100%
Where is Versailles? France
100%
Where is Munster? Germany
100%
Where is Salvador? Brazil
67%
Where is Zhoushan? China
67%
Where is Knin? Croatia
67%
Where is Suva? Fiji
67%
Where is Alessandria? Italy
67%
Where is Abuja? Nigeria
67%
Where is Iași? Romania
67%
Where is Trenčin? Slovakia
67%
Where is Hyderabad? India
33%
Where is Maastricht? Netherlands
33%
Where is Canakkale? Turkey
33%
Where is Redding? United States
33%
No matching quizzes found
Score Distribution
Percent of People with Each Score
Percentile by Number Answered
Your Score History
You have not taken this quiz since the last reset